000 00360 a2200169 4500
001 192258
020 _a978-85-915876-1-2
040 _cMagnum
100 _aNeves, Suzette
240 1 0 _aO eco do silĂȘncio
_lpor
245 1 0 _aO eco do silĂȘncio
300 _a172
362 0 _a2014
440 1 _aPoloprinter
697 _aLITERATURA GERAL
942 _cBK
999 _c192258
_d192258